Honor, injurias y calumnias. Los delitos contra el honor en el derecho histórico y en el derecho vigente español
Gespeichert in:
| 1. Verfasser: | |
|---|---|
| Format: | Buch |
| Sprache: | Spanisch |
| Veröffentlicht: |
Valencia; Valladolid, España
Tirant Lo Blanch; Ediciones Universidad de Valladolid
2018
|
| Schriftenreihe: | Monografías
|
| Schlagworte: | |
| Tags: |
Tag hinzufügen
Keine Tags, Fügen Sie den ersten Tag hinzu!
|
MARC
| LEADER | 00000cam a2200000 a 4500 | ||
|---|---|---|---|
| 001 | UCC7185 | ||
| 003 | CL-VaPUC | ||
| 005 | 20230104162643.0 | ||
| 008 | 190308e20180000sp |||||||||||||||||spa|d | ||
| 999 | |c 373894 |d 373892 | ||
| 020 | |a 9788491431749 | ||
| 040 | |c Pontificia Universidad Católica de Valparaíso | ||
| 082 | 0 | 4 | |a 346.013 PAB 2018 |2 21 |
| 100 | |a Pablo Serrano, Alejandro de |e autor |9 601698 | ||
| 245 | 1 | 0 | |a Honor, injurias y calumnias. |b Los delitos contra el honor en el derecho histórico y en el derecho vigente español |
| 260 | |a Valencia; |a Valladolid, España |b Tirant Lo Blanch; |b Ediciones Universidad de Valladolid |c 2018 | ||
| 300 | |a 374 páginas | ||
| 440 | |a Monografías |9 856527 | ||
| 583 | |a last modification |c 20190828 03:39:39 |k Rodrigo Vera | ||
| 650 | 0 | |a Derecho privado español |2 CL-VaPUC |9 530544 | |
| 650 | 0 | |a Honor |2 CL-VaPUC |9 383155 | |
| 650 | 0 | |a Injurias |2 CL-VaPUC |9 398336 | |
| 650 | 0 | |a Calumnias |2 CL-VaPUC |9 601699 | |
| 942 | |c BK |2 ddc | ||
| 945 | |d 20190308 12:55:00 |a dcastane | ||
| 952 | |0 0 |1 0 |2 ddc |3 erb |4 0 |6 346_013000000000000_PAB_2018 |7 0 |8 A |9 492168 |a BIBDER |b BIBDER |i 553500K |l 1 |m 1 |o 346.013 PAB 2018 |p 553500K |r 2023-09-20 |s 2020-03-04 |w 2019-11-24 |y BK |z Catalogado en:20190308 |k DER | ||